Statistics for Russian Letters

Click here to take the quiz!

General Stats

  • This quiz has been taken 35 times
  • The average score is 10 of 33

Answer Stats

Answer% Correct
Ah
67%
Beh
67%
Deh
67%
Geh
61%
I
56%
Veh
56%
Yo
56%
Yeh
50%
Zeh
50%
Eh
44%
Kah
44%
Oo
44%
Ee
39%
Oh
39%
Peh
39%
Yah
33%
Teh
28%
Khah
22%
Shah
22%
Cheh
17%
Ehl
17%
Ehm
17%
Ehn
17%
Ehs
17%
Zheh
17%
Ehf
11%
Ehr
11%
Tseh
11%
Yoo
11%
Ee Kratkoyeh
6%
Schyah
6%
Myagdee Znahk
0%
Tvyordiy Znahk
0%

Score Distribution

Percentile by Number Answered

Percent of People with Each Score

Your Score History

You have not taken this quiz